000 00225nam a22000857a 4500
008 170526b xxu||||| |||| 00| 0 eng d
100 _93131
_aMattel
245 _aBarlie and the Dolphines
260 _aMumbai
_bEgmont Publication
_c1998
999 _c6421
_d6421